Feste di Maria. (Record n. 28673)

Dettagli MARC
000 -LEADER
fixed length control field 01329nam a2200217Ia 4500
003 - CONTROL NUMBER IDENTIFIER
control field IT-RoPAU
005 - DATE AND TIME OF LATEST TRANSACTION
control field 20220918175747.0
008 - FIXED-LENGTH DATA ELEMENTS--GENERAL INFORMATION
fixed length control field 120407s9999 xx 000 0 und d
040 ## - CATALOGING SOURCE
Original cataloging agency IT-RoPAU
040 ## - CATALOGING SOURCE
Transcribing agency IT-RoPAU
041 ## - LANGUAGE CODE
Language code of text/sound track or separate title ita
100 ## - MAIN ENTRY--PERSONAL NAME
Personal name Alberione Giacomo
Fuller form of name SSP
9 (RLIN) 14
245 ## - TITLE STATEMENT
Title Feste di Maria.
Remainder of title 30 Meditazioni
250 ## - EDITION STATEMENT
Edition statement 4° ed.
260 ## - PUBLICATION, DISTRIBUTION, ETC. (IMPRINT)
Place of publication, distribution, etc. Albano Laziale (Roma)
Name of publisher, distributor, etc. Edizioni Paoline
Date of publication, distribution, etc. 1955
300 ## - PHYSICAL DESCRIPTION
Extent 207 p.
Dimensions 17,5 cm
490 ## - SERIES STATEMENT
Volume/sequential designation 3° vol.
520 ## - SUMMARY, ETC.
Summary, etc. INDICE<br/>Introduzione;<br/>Immacolata Concezione;<br/>Traslazione della S. Casa di Loreto;<br/>Sacra Famiglia;<br/>Lo Sposalizio;<br/>La Purificazione;<br/>L'apparizione della B. V. Immacolata;<br/>L'Annunciazione;<br/>I Sette Dolori;<br/>Nostra Signora del Buon Consiglio;<br/>La Regina degli Apostoli;<br/>L'Ausiliatrice;<br/>La Mediatrice di tutte le grazie;<br/>Regina di tutti i Santi;<br/>Nostra Signora del SS. Sacramento;<br/>La Visitazione;<br/>Madonna del Carmine;<br/>Dedicazione della Madonna della neve;<br/>Rifugio dei peccatori;<br/>L'Assunzione;<br/>Cuore Immacolato di Maria;<br/>Nostra Signora della Consolazione;<br/>Maria Madre del Divino Pastore;<br/>Natività di Maria SS.;<br/>Il nome SS. di Maria;<br/>I sette dolori della Beata Vergine Maria;<br/>Madonna del S. Rosario;<br/>Maternità Divina;<br/>Madre della Purità;<br/>Madre della Divina Provvidenza;<br/>Presentazione di Maria al Tempio;<br/>Conclusione.
942 ## - ADDED ENTRY ELEMENTS (KOHA)
Koha item type LIBRO
Source of classification or shelving scheme Dewey Decimal Classification
Dati di copia
Withdrawn status Lost status Source of classification or shelving scheme Damaged status Not for loan Home library Current library Date acquired Total Checkouts Full call number Date last seen Price effective from Koha item type Public note
    Dewey Decimal Classification Buone Condizioni Not For Loan PAULUS-BIBLIOTECA PAULUS-BIBLIOTECA 11/04/2012   P A2 11/04/2012 11/04/2012 LIBRO  
    Dewey Decimal Classification Buone Condizioni Not For Loan PAULUS-BIBLIOTECA PAULUS-BIBLIOTECA 11/04/2012   P A2 11/04/2012 11/04/2012 LIBRO Inserito da: Sergio In data: 27 settembre 2011 fondo: Via A.Severo 56 Progr:8664
CREDITS: SOCIETA' SAN PAOLO Via A.Severo, 58 - ROMA (RM) & PERIODICI SAN PAOLO SRL Via Giotto, 36 MILANO & CISF Via Giotto, 36 MILANO & EDIZIONI SAN PAOLO SRL,  Piazza Soncino, 5 CINISELLO BALSAMO (MI) -- ITALY